Collins spanish-english, englsh-spanish. dictionary /

Guardado en:
Autor Principal: Collins, ed.
Formato: Libro
Publicado: Nueva York : Collins, 1974
Edición:1a. reimp.
Materias:
Etiquetas: Agregar Etiqueta
Sin Etiquetas, Sea el primero en etiquetar este registro!
LEADER 00651nam a22002055a 4500
001 CEM.cems014068
005 20130827174630.0
008 130507s1974##################000#0#####d
003 CEMS
020 |a 0004334728 
082 0 4 |a 423.6 
100 1 |a Collins, ed. 
245 1 0 |a Collins spanish-english, englsh-spanish. dictionary /  |c Colin Smith 
250 |a 1a. reimp. 
260 |a Nueva York :  |b Collins,  |c 1974 
300 |a 640 p. 
653 |a Dicionario inglés-español 
653 |a Diccionario español-inglés 
859 |a CEMS  |b BIB. CEMS - 11 de abril  |h 423.6  |i C691-2  |p 26707.13  |t Ej.1 
859 |a CEMS  |b BIB. CEMS - 11 de abril  |h 423.6  |i C691-2  |p 26708.13  |t Ej.2